| 000 | 00583nam a22001817a 4500 | ||
|---|---|---|---|
| 008 | 211122b |||||||| |||| 00| 0 eng d | ||
| 020 | _a0805849440 | ||
| 050 |
_aBF39 _b.B35 2005 C.1 |
||
| 100 | _aBakeman, Roger | ||
| 245 |
_aUnderstanding statistics in the behavioral sciences _cRoger Bakeman |
||
| 260 |
_aLondon _bLawrence Erlbaum _c2005 |
||
| 300 | _avii, 363p. | ||
| 650 |
_aPsychology _vStatistical methods _xTextbooks |
||
| 650 |
_aSocial sciences _vStatistical methods _xTextbooks |
||
| 650 |
_aPsychometrics _vTextbooks |
||
| 700 | _aRobinson, Byron F. | ||
| 942 |
_2lcc _cBK |
||
| 999 |
_c19146 _d19145 |
||